00679nam a2200205Ia 4500008004000000020001500040041000800055082001600063100003200079245003700111260003800148300000800186650001300194650001100207650001700218690002900235906001100264999001900275952017900294210210b2007 xxu||||| |||| 00| 0 eng d a8175963115 aeng a820.09 DEWR aDEWNARAIN (Nandini Bhautoo) aRohinton Mistry: an introduction aNew DelhibFoundation Booksc2007 a126 aRohinton aMistry aIntroduction aIndian English Criticism a064349 c116261d116261 001040708EnglishaALbALcEnglish Literatured2021-02-17eCambridge University Press, Bangalore-560070g195.00l0o820.09 DEWRp064349r2021-02-17 00:00:00w2021-02-17yBK